| 000 | 00399nam a2200145Ia 4500 | ||
|---|---|---|---|
| 008 | 151015s9999 xx 000 0 und d | ||
| 020 | _a536955697 | ||
| 050 | _aPE1417 .F469 2005 | ||
| 245 | _aJohn V.Thill | ||
| 250 | _a_Communication I John V.Thill | ||
| 300 | _aNew Jersey Prentice Hall 2005 | ||
| 500 | _aIncludes index. | ||
| 650 | _a_Communications | ||
| 700 | _a^d20130524 12:32:12^oanne | ||
| 999 |
_c4762 _d4762 |
||